| 000 | 00431nam a2200145Ia 4500 | ||
|---|---|---|---|
| 008 | 230917s9999||||xx |||||||||||||| ||und|| | ||
| 040 |
_e171767 _aMAIN |
||
| 041 | _aEnglish | ||
| 082 | _a891.437731 UB3U | ||
| 100 | _aउषा बाला | ||
| 245 | 0 | _aयुधिष्ठिर के कुते | |
| 260 |
_aदिल्ली _bप्रभात प्रकाशन _c1980 |
||
| 300 | _a152 पृ. p. | ||
| 942 | _cHN | ||
| 999 |
_c216789 _d216789 |
||